Methods of testing vulcanized rubber. Part A 46. Determination of vapour transmission rate of volatile liquids through rubber sheet and rubber coated fabrics. (Record no. 73191)

MARC details
000 -LEADER
fixed length control field 00584nam a2200169Ia 4500
245 #0 - TITLE STATEMENT
Title Methods of testing vulcanized rubber. Part A 46. Determination of vapour transmission rate of volatile liquids through rubber sheet and rubber coated fabrics.
260 ## - PUBLICATION, DISTRIBUTION, ETC. (IMPRINT)
Year of publication 1984
500 ## - GENERAL NOTE
General note Standard number: BS 903 Part A 46 ISO 6179; 1981
650 ## - SUBJECT ADDED ENTRY--TOPICAL TERM
Topical Term Keywords
650 ## - SUBJECT ADDED ENTRY--TOPICAL TERM
Topical Term Rubber coated fabrics
650 ## - SUBJECT ADDED ENTRY--TOPICAL TERM
Topical Term Rubber sheets
650 ## - SUBJECT ADDED ENTRY--TOPICAL TERM
Topical Term Vapour transmission
650 ## - SUBJECT ADDED ENTRY--TOPICAL TERM
Topical Term Volatile liquids
650 ## - SUBJECT ADDED ENTRY--TOPICAL TERM
Topical Term Vulcanized rubber
942 ## - ADDED ENTRY ELEMENTS (KOHA)
Koha item type Standards
Holdings
Withdrawn status Lost status Damaged status Not for loan Collection code Home library Current library Date acquired Koha item type
      Standards British standards RRII Library RRII Library 31/12/2021 Standards